00970nam a22002897a 4500999001500000001000500015003000900020005001700029008004100046020001500087040003800102082002300140100002600163245006900189250001300258260004200271300004800313490003400361500003600395504002100431650001600452650002600468650003400494700002000528942001200548952012000560 c5504d55046620BD-DhUAP20201213115528.0201213s1970 enka|||| |||| 001 0 eng d a0070858055 aBD-DhUAPbEngcBD-DhUAPdBD-DhUAP 223a620.11232 TIM  aStephen P. Timoshenko aTheory of elasticity /cStephen P. Timoshenko and J. N. Goodier. a3rd ed.  aLondon : bMcGraw-Hill Book,cc1970.  axxiv, 567 pages :billustrations ;c21 cm.  aEngineering mechanics series. aInternational student edition.  aIncludes index.  aElasticity. aStrains and stresses. aScience xMechanicsvGeneral. aGoodier, J. N.  2ddccBK 00102ddc4070aUAPCLbUAPCLcGeneral Stacksd2020-12-13o620.11232 TIMp3010006620r2020-12-13t1w2020-12-13yBK